El jugador / (Record no. 107928)

MARC details
000 -LEADER
campo de control de longitud fija 00690nam a2200217 i 4500
001 - NÚMERO DE CONTROL
campo de control 107928
003 - IDENTIFICADOR DE NÚMERO DE CONTROL
campo de control ES-MaACL
005 - FECHA Y HORA DE LA ÚLTIMA TRANSACCIÓN
campo de control 20251019063051.0
007 - CAMPO FIJO DE DESCRIPCIÓN FÍSICA--INFORMACIÓN GENERAL
campo de control de longitud fija t|
008 - DATOS DE LONGITUD FIJA--INFORMACIÓN GENERAL
campo de control de longitud fija 061219s1969 sp ||||1| spa d
080 ## - NÚMERO DE LA CLASIFICACIÓN DECIMAL UNIVERSAL
Número de la Clasificación Decimal Universal 882-311.2"18"
100 1# - ENTRADA PRINCIPAL--NOMBRE DE PERSONA
Nombre de persona Dostoievski, Fiódor,
Fechas asociadas al nombre 1821-1881
9 (RLIN) 242371
245 13 - MENCIÓN DEL TÍTULO
Título El jugador /
Mención de responsabilidad, etc. Fedor Dostoievski ; prólogo de Carlos Pujol.
260 ## - PUBLICACIÓN, DISTRIBUCIÓN, ETC.
Lugar de publicación, distribución, etc. [Madrid] :
Nombre del editor, distribuidor, etc. Salvat,
Fecha de publicación, distribución, etc. [1969]
300 ## - DESCRIPCIÓN FÍSICA
Extensión 188 p. ;
Dimensiones 19 cm.
490 1# - MENCIÓN DE SERIE
Mención de serie Biblioteca básica Salvat de libros RTV ;
Designación de volumen o secuencia 5
700 1# - ENTRADA AGREGADA--NOMBRE PERSONAL
Nombre de persona Pujol, Carlos,
Fechas asociadas al nombre 1936-2012
9 (RLIN) 94332
830 10 - PUNTO DE ACCESO ADICIONAL DE SERIE-TÍTULO UNIFORME
Título uniforme Biblioteca básica Salvat de libros RTV
Designación de volumen o secuencia 5
9 (RLIN) 185398
852 ## - LOCALIZACIÓN
Ubicación ES-MaACL
Número de control de estantería E-2926
Holdings
Estatus retirado Estado de pérdida Estado de daño No para préstamo Biblioteca de origen Biblioteca actual Ubicación en estantería Fecha de adquisición Fuente de adquisición Total de préstamos Signatura topográfica completa Código de barras Visto por última vez Precio de reemplazo Tipo de ítem Koha
        Biblioteca del Ateneo de Madrid Biblioteca del Ateneo de Madrid Depósito 2 17/01/2008     E-2926 1112632 23/02/2023 23/02/2023 Libro impreso